00938nam a22001697a 450000500170000000800410001705000340005810000200009224501490011226000340026130000200029550000400031565002010035594200130055699900190056995201800058820250821114509.0250821b |||||||| |||| 00| 0 eng d aTHE LB 1629 .K4 C44 2020bC.1 aChemutai, Irene aInfluence of School-Based Factors on Students' Performance in Kiswahili in Public Mixed Day Secondary Schools in Nyamira North Sub-County, Kenya aKisiibKisii Universityc2020 axvi, 110p.:ill. aIncludes bibliographical references a1. Academic achievement—Kenya—Nyamira North Sub-County. 2. Kiswahili language—Study and teaching (Secondary)—Kenya. 3. High school students—Kenya—Performance. 4. Mixed schools—Kenya. 2lcccREF c216047d216047 00102lcc406THE L B1629 K4 C00044 02020708SC9372873aKSULbKSULd2025-08-21i108048l0oTHE LB 1629 .K4 C44 2020p000000024828r2025-08-21 11:47:30tC.1w2025-08-21yREF